| 000 | 01057nmc a2200325 a 4500 | ||
|---|---|---|---|
| 003 | AR-BaBNM | ||
| 005 | 20251128211058.0 | ||
| 008 | 202020s1979 ||||||||||||||000 | spa|| | ||
| 020 | _a84-2074-1429-1 | ||
| 040 | _cAR-BaBNM | ||
| 110 | 2 |
_aUnesco _bOficina Regional de Educación de la UNESCO para América Latina y el Caribe |
|
| 245 | 1 | 0 |
_aEnfoque sistémico del proceso educativo _bmanual para mejorar la práctica educativa |
| 260 |
_aMadrid _bAnaya _bUnesco _c1979 |
||
| 300 | 0 |
_a230 p. _btablas, gráfs. |
|
| 490 | 0 | _aCiencias de la Educación | |
| 504 | _aBibliografía en p. 223 | ||
| 650 | 4 | _aANALISIS DE SISTEMAS | |
| 650 | 4 | _aPROCESO DE APRENDIZAJE | |
| 650 | 4 | _aCALIDAD DE LA EDUCACION | |
| 650 | 4 | _aTECNOLOGIA EDUCATIVA | |
| 653 | 0 | _aTEORIA DE LOS SISTEMAS | |
| 653 | 0 | _aGESTION EDUCATIVA | |
| 653 | 0 | _aINNOVACIONES EDUCATIVAS | |
| 653 | 0 | _aEVALUACION EDUCATIVA | |
| 700 | 1 |
_aChacón, María Antonieta _eadaptador |
|
| 700 | 1 |
_aChacón, Luis _eadaptador |
|
| 800 | 1 | _aOrden, Arturo de la | |
| 942 | _cBK | ||
| 998 | _calicia | ||
| 999 |
_c18134 _d18134 |
||